000
00206nam a22000857a 4500
008
170116b xxu||||| |||| 00| 0 eng d
100
_9
2445
_a
Sekhon.R.S.
245
_a
Fit for Life
260
_a
New Delhi
_b
SET
_c
2009
999
_c
5497
_d
5497